Sombras en la hierba / (Registro nro. 56646)

Detalles MARC
000 -LEADER
campo de control de longitud fija 00525nam a2200181 i 4500
001 - NÚMERO DE CONTROL
campo de control 56646
003 - IDENTIFICADOR DE NÚMERO DE CONTROL
campo de control ES-MaACL
005 - FECHA Y HORA DE LA ÚLTIMA TRANSACCIÓN
campo de control 20260518181501.0
007 - CAMPO FIJO DE DESCRIPCIÓN FÍSICA--INFORMACIÓN GENERAL
campo de control de longitud fija t|
008 - DATOS DE LONGITUD FIJA--INFORMACIÓN GENERAL
campo de control de longitud fija 031010s1961 sp ||||1| spa d
100 1# - ENTRADA PRINCIPAL--NOMBRE DE PERSONA
Nombre de persona Blixen, Karen,
Fechas asociadas al nombre 1885-1962
9 (RLIN) 44835
245 10 - MENCIÓN DEL TÍTULO
Título Sombras en la hierba /
Mención de responsabilidad, etc. Isak Dinesen (seud.) ; [traducción Aquilino Duque].
260 ## - PUBLICACIÓN, DISTRIBUCIÓN, ETC.
Lugar de publicación, distribución, etc. Barcelona :
Nombre del editor, distribuidor, etc. Noguer,
Fecha de publicación, distribución, etc. [1961]
300 ## - DESCRIPCIÓN FÍSICA
Extensión 144 p. ;
Dimensiones 19 cm.
700 1# - ENTRADA AGREGADA--NOMBRE PERSONAL
Nombre de persona Duque, Aquilino.
9 (RLIN) 46145
852 ## - LOCALIZACIÓN
Ubicación ES-MaACL
Número de control de estantería C-20933
Sublocalización o colección R.48640
Existencias
Estatus retirado Estado de pérdida Estado de daño No para préstamo Biblioteca de origen Biblioteca actual Ubicación en estantería Fecha de adquisición Fuente de adquisición Total de préstamos Signatura topográfica completa Código de barras Visto por última vez Precio de reemplazo Tipo de ítem Koha
        Biblioteca del Ateneo de Madrid Biblioteca del Ateneo de Madrid Galería 17/01/2008     C-20933 1059487 23/02/2023 23/02/2023 Libro impreso